Đánh giá hiệu quả kinh tế của hộ đan lưới tại làng nghề đan lưới Thơm Rơm, phường Tân Hưng, quận Thốt Nốt, Thành phố Cần Thơ : Luận văn tốt nghiệp Cao học. Chuyên ngành Kinh tế học

Đánh giá hiệu quả kinh tế của hộ đan lưới tại Làng nghề đan lưới Thơm Rơm ở phường Tân Hưng, quận Thốt Nốt, Thành phố Cần Thơ, từ đó đề xuất giải pháp nâng cao hiệu quả kinh tế của hộ đan lưới tại làng nghề trong thời gian tới....

Cijeli opis

Spremljeno u:
Bibliografski detalji
Glavni autor: Nguyễn, Xuân Nhã
Format: Knjiga
Jezik:Undetermined
Izdano: Cần Thơ Trường Đại học Cần Thơ 2019
Teme:
Oznake: Dodaj oznaku
Bez oznaka, Budi prvi tko označuje ovaj zapis!
Thư viện lưu trữ: Trung tâm Học liệu Trường Đại học Cần Thơ
LEADER 01341nam a2200229Ia 4500
001 CTU_231921
008 210402s9999 xx 000 0 und d
082 |a 338.16 
082 |b Nh100 
088 |a 8310101 
100 |a Nguyễn, Xuân Nhã 
245 0 |a Đánh giá hiệu quả kinh tế của hộ đan lưới tại làng nghề đan lưới Thơm Rơm, phường Tân Hưng, quận Thốt Nốt, Thành phố Cần Thơ : 
245 0 |b Luận văn tốt nghiệp Cao học. Chuyên ngành Kinh tế học 
245 0 |c Nguyễn Xuân Nhã ; Lưu Tiến Thuận (Cán bộ hướng dẫn) 
260 |a Cần Thơ 
260 |b Trường Đại học Cần Thơ 
260 |c 2019 
520 |a Đánh giá hiệu quả kinh tế của hộ đan lưới tại Làng nghề đan lưới Thơm Rơm ở phường Tân Hưng, quận Thốt Nốt, Thành phố Cần Thơ, từ đó đề xuất giải pháp nâng cao hiệu quả kinh tế của hộ đan lưới tại làng nghề trong thời gian tới. 
650 |a Agriculture,Nông nghiệp 
650 |x Economic aspects,Khía cạnh kinh tế 
910 |b nthai 
980 |a Trung tâm Học liệu Trường Đại học Cần Thơ